Vocab - Reinventing the American Dream - Statistiken

Allgemein
  • Dieses Quiz wurde 11 mal gespielt
  • Das Durchschnittsergebnis liegt bei 8 aus 55
Antwortstatistiken
Definition/Translation Englisch % Korrekt
profitieren benefit
100%
advantage benefit
100%
no longer living deceased
100%
full of conflict contentious
50%
negative feeling hostility
50%
plan, idea proposal
50%
buy sth. purchase sth.
50%
Unterdrückung repression
50%
US pensiom system Social Security
50%
jdn. verhungern lassen (to deprive food) starve sb.
50%
etwas als selbstverständlich ansehen take sth. for granted
50%
at risk vulnerable
50%
someone who speaks in favor of sth advocate
0%
know the value of sth. appreciate sth.
0%
within reach attainable
0%
achievement attainment
0%
prejudiced thinking bigotry
0%
manual worl blue-collar jobs
0%
express sth in a few words capture sth.
0%
office work clerical jobs
0%
saving money cost cutting
0%
Hausmeistertätigkeit (maintenance work) custodial job
0%
destroy sth. dash sth.
0%
jdn. brandmarken (to publicly criticize) denounce sb.
0%
attractive desirable
0%
entschlossen (strong-willed) determined
0%
dishonest disingenuous
0%
gap divide
0%
etwas ausbauen (to expand) extend sth.
0%
Ausmaß (degree, scope) extent
0%
law that allows tome off to care for family family-leave policy
0%
bekanntlich (well known for sth.) famously
0%
günstig favorable/ favourable
0%
laws passed in 1944 that provided generous benefits for World War II veterans GI Bill of Rights
0%
extremely slowly glacially
0%
call attention to sth. herald sth.
0%
attach your wagon to horses hitch your wagon
0%
etwas aushöhlen (to erode, weaken) hollow sth. out
0%
extremely poor impoverished
0%
imprisonment incarceration
0%
unvermeidlich inevitable
0%
unüberwindlich insuperable
0%
mittleres Gehalt (middle income level) median salary
0%
sth. that is in the way obstacle
0%
stop rising peak
0%
be the first to do sth. pioneer sth.
0%
public statement pronouncement
0%
someone who receives something recipent
0%
never stopping relentless
0%
etwas zurückwerfen set sth. back
0%
reduce something drastically slash sth.
0%
zurückverfolgen (to track sth back) trace sth.
0%
path trajectory
0%
Studiengebühren (fees of education) tuition
0%
alive vibrant
0%
Keine übereinstimmenden Quizze gefunden
Verteilung der Resultate
Anzahl Personen mit jedem Resultat
Perzentil nach korrekt beantworteten Fragen
Ihre Resultats-Entwicklung
Sie haben dieses Quiz noch nicht gespielt